静岡県の市町村(1960年) - Statistics

General Stats
  • This quiz has been taken 66 times
  • The average score is 66 of 95
Answer Stats
No. 市町村 備考 % Correct
1 静岡市
100%
2 浜松市 2007年政令指定
100%
11 磐田市
98%
14 掛川市
98%
4 清水市 2003年消滅
95%
5 熱海市
95%
7 富士宮市
95%
13 富士市
95%
3 沼津市
93%
17 袋井市
93%
6 三島市
90%
15 藤枝市
90%
16 御殿場市
90%
8 伊東市
88%
9 島田市
88%
12 焼津市
88%
18 天竜市 2005年消滅
88%
19 賀茂郡 東伊豆町
88%
24 賀茂郡 西伊豆町
88%
21 賀茂郡 下田町 1971年昇格
85%
22 賀茂郡 南伊豆町
85%
23 賀茂郡 松崎町
85%
73 小笠郡 菊川町 2005年消滅
85%
20 賀茂郡 河津町
83%
37 駿東郡 清水村 1963年昇格
83%
38 駿東郡 長泉町
83%
75 周智郡 森町
83%
89 浜名郡 湖西町 1972年昇格
83%
27 田方郡 修善寺町 2004年消滅
80%
30 田方郡 函南村 1963年昇格
80%
40 駿東郡 小山町
80%
59 榛原郡 御前崎町 2004年消滅
80%
84 磐田郡 水窪町 2005年消滅
80%
62 榛原郡 吉田町
78%
83 磐田郡 佐久間町 2005年消滅
78%
94 引佐郡 引佐町 2005年消滅
78%
26 田方郡 伊豆長岡町 2005年消滅
75%
39 駿東郡 裾野町 1971年昇格
75%
43 庵原郡 富士川町 2008年消滅
75%
67 榛原郡 本川根町 2005年消滅
75%
82 磐田郡 龍山村 2005年消滅
75%
88 浜名郡 新居町 2010年消滅
75%
95 引佐郡 三ケ日町 2005年消滅
75%
10 吉原市 1966年消滅
73%
44 庵原郡 蒲原町 2006年消滅
73%
92 浜名郡 浜北町 1963年昇格
73%
35 田方郡 中伊豆町 2004年消滅
70%
54 安倍郡 井川村 1968年消滅
70%
64 榛原郡 金谷町 2005年消滅
70%
71 小笠郡 浜岡町 2004年消滅
70%
72 小笠郡 小笠町 2005年消滅
70%
87 浜名郡 舞阪町 2005年消滅
70%
28 田方郡 戸田村 2005年消滅
68%
45 庵原郡 由比町 2008年消滅
68%
60 榛原郡 相良町 2005年消滅
68%
65 榛原郡 川根町 2008年消滅
68%
69 小笠郡 大須賀町 2005年消滅
68%
81 磐田郡 豊岡村 2005年消滅
68%
91 浜名郡 雄踏町 2005年消滅
68%
42 富士郡 芝川町 2010年消滅
65%
46 庵原郡 興津町 1961年消滅
65%
57 志太郡 岡部町 2009年消滅
65%
58 志太郡 大井川町 2008年消滅
65%
61 榛原郡 榛原町 2005年消滅
65%
76 周智郡 春野町 2005年消滅
65%
31 田方郡 韮山村 1962年昇格
63%
79 磐田郡 竜洋町 2005年消滅
63%
85 浜名郡 可美村 1991年消滅
63%
66 榛原郡 中川根村 1962年昇格
60%
78 磐田郡 福田町 2005年消滅
60%
93 引佐郡 細江町 2005年消滅
60%
25 賀茂郡 賀茂村 2005年消滅
58%
52 安倍郡 梅ヶ島村 1968年消滅
58%
80 磐田郡 豊田村 1973年昇格
58%
36 駿東郡 原町 1968年消滅
55%
29 田方郡 土肥町 2004年消滅
53%
32 田方郡 大仁町 2005年消滅
53%
49 庵原郡 庵原村 1961年消滅
53%
77 磐田郡 浅羽町 2005年消滅
53%
41 富士郡 鷹岡町 1966年消滅
50%
70 小笠郡 大浜町 1973年消滅
45%
74 周智郡 山梨村 1963年消滅
45%
90 浜名郡 庄内村 1965年消滅
45%
34 田方郡 上狩野村 1960年消滅
43%
48 庵原郡 両河内村 1961年消滅
43%
68 小笠郡 城東村 1973年消滅
43%
33 田方郡 中狩野村 1960年消滅
40%
51 安倍郡 大河内村 1968年消滅
40%
55 安倍郡 清沢村 1968年消滅
40%
63 榛原郡 初倉村 1961年消滅
40%
47 庵原郡 小島村 1961年消滅
38%
50 庵原郡 袖師町 1961年消滅
38%
56 安倍郡 大川村 1968年消滅
38%
86 浜名郡 篠原村 1961年消滅
35%
53 安倍郡 玉川村 1968年消滅
28%
No matching quizzes found
Score Distribution
Percent of People with Each Score
Percentile by Number Answered
Your Score History
You have not taken this quiz